<?xml version="1.0" encoding="UTF-8"?><?xml-stylesheet type="text/xsl" href="static/style.xsl"?><OAI-PMH xmlns="http://www.openarchives.org/OAI/2.0/" xmlns:xsi="http://www.w3.org/2001/XMLSchema-instance" xsi:schemaLocation="http://www.openarchives.org/OAI/2.0/ http://www.openarchives.org/OAI/2.0/OAI-PMH.xsd"><responseDate>2026-04-19T11:38:57Z</responseDate><request verb="GetRecord" identifier="oai:www.recercat.cat:10459.1/467489" metadataPrefix="marc">https://recercat.cat/oai/request</request><GetRecord><record><header><identifier>oai:recercat.cat:10459.1/467489</identifier><datestamp>2025-09-15T19:01:20Z</datestamp><setSpec>com_2072_3622</setSpec><setSpec>col_2072_479130</setSpec></header><metadata><record xmlns="http://www.loc.gov/MARC21/slim" xmlns:dcterms="http://purl.org/dc/terms/" xmlns:xsi="http://www.w3.org/2001/XMLSchema-instance" xmlns:doc="http://www.lyncode.com/xoai" xsi:schemaLocation="http://www.loc.gov/MARC21/slim http://www.loc.gov/standards/marcxml/schema/MARC21slim.xsd">
   <leader>00925njm 22002777a 4500</leader>
   <datafield ind2=" " ind1=" " tag="042">
      <subfield code="a">dc</subfield>
   </datafield>
   <datafield ind2=" " ind1=" " tag="720">
      <subfield code="a">Martínez León, Natalia</subfield>
      <subfield code="e">author</subfield>
   </datafield>
   <datafield ind2=" " ind1=" " tag="720">
      <subfield code="a">Bernad Cavero, Olga</subfield>
      <subfield code="e">author</subfield>
   </datafield>
   <datafield ind2=" " ind1=" " tag="720">
      <subfield code="a">Fernández Paradas, Antonio Rafael</subfield>
      <subfield code="e">author</subfield>
   </datafield>
   <datafield ind2=" " ind1=" " tag="260">
      <subfield code="c">2024</subfield>
   </datafield>
   <datafield ind2=" " ind1=" " tag="520">
      <subfield code="a">Este monográfico aborda cómo la gestión innovadora está promoviendo la inclusión en los ámbitos social, educativo y gerencial. Se enfoca en cómo la integración de tecnologías, como los robots sociales, está mejorando la inclusión educativa de estudiantes con discapacidad, tanto en la educación primaria como superior. Además, se analiza el papel de las universidades en la gestión de la responsabilidad social, enfocándose en políticas de acceso equitativo y compromiso con la inclusión. En el ámbito organizacional, se examinan las competencias de liderazgo inclusivo y el clima organizacional como factores clave para el bienestar y la retención de empleados y estudiantes. También se explora la gobernanza pública y la gestión de la inclusión social a nivel local, así como las estrategias culturales de inclusión a través del diálogo de saberes. El monográfico busca reflexionar sobre cómo estas prácticas contribuyen a la construcción de una sociedad más equitativa y sostenible.</subfield>
   </datafield>
   <datafield tag="653" ind2=" " ind1=" ">
      <subfield code="a">Gestión inclusiva</subfield>
   </datafield>
   <datafield tag="653" ind2=" " ind1=" ">
      <subfield code="a">Responsabilidad social universitaria</subfield>
   </datafield>
   <datafield tag="653" ind2=" " ind1=" ">
      <subfield code="a">Gobernanza pública</subfield>
   </datafield>
   <datafield ind2="0" ind1="0" tag="245">
      <subfield code="a">Presentación del Monográfico: Innovando en gestión para la inclusión en las esferas sociales, educativas y gerenciales</subfield>
   </datafield>
</record></metadata></record></GetRecord></OAI-PMH>